000 00336nam a2200145Ia 4500
008 230917s9999||||xx |||||||||||||| ||und||
040 _e53448
_aMAIN
041 _aEnglish
082 _aB N315M:M
100 _aMathai, M O
245 0 _aMy days with Nehru
260 _aNew Delhi
_bVikas
_c1979
300 _axv, 270 p.
942 _cBK
999 _c205142
_d205142